000 00582nam a2200193Ia 4500
005 20230609115639.0
008 131103s9999 xx 000 0 und d
040 _aLoreto College
041 _aEnglish
082 _a808.2
_bFER
100 _aFergusson, Francis
245 4 _aThe idea of theatre
_b a study of ten plays the art of drama inchanging perspective
_cby Francis Fergusson
260 _aPrinceton
_bPrinceton University Press
_c1968
300 _a[7], 240 p.
650 _aLiterature -
651 _aRhetoric -Drama - Theatre -
850 _aLCLIB
942 _cBK
999 _c1133
_d51612